| 000 | 03757nam a22002417a 4500 | ||
|---|---|---|---|
| 005 | 20250407102255.0 | ||
| 008 | 250124b ||||| |||| 00| 0 eng d | ||
| 020 | _a9788195768158 | ||
| 040 | _cAL | ||
| 041 | _aKannada | ||
| 050 | _aK894.8 MENF | ||
| 082 | _223 | ||
| 100 |
_aPlinio Apuleyo Mendoza _9207645 |
||
| 100 |
_bಪ್ಲಿನಿಯೋ ಅಪುಲೆಯೋ ಮೆಂಡೋಝ _9207646 |
||
| 245 |
_aFragrance of Guava: Gabriel Garcia Marquez Jothe Mathukathe _bಫ್ರೇಗ್ರನ್ಸ್ ಆಫ್ ಗ್ವಾವ: ಗೇಬ್ರಿಯಲ್ ಗಾರ್ಸಿಯಾ ಮಾರ್ಕ್ವೆಜ್ ಜೊತೆ ಮಾತುಕತೆ |
||
| 260 |
_aBangalore _bJeerunde Pusthaka _c2024 |
||
| 300 |
_a136 p. _bPB _c22x14cm. |
||
| 365 |
_aBLCR-000065 _b₹140.00 _c₹ _d₹175.00 _e20% _f13-01-2025 |
||
| 520 | _aಇಲ್ಲಿನ ಈ ಮಾತುಕತೆ ಓದುಗರು ಹಾಗೂ ಲೇಖಕರೊಳಗಿನ ಈ ತನಕದ ಸಾಹಿತ್ಯದ ಹಲವು ನಂಬಿಕೆಗಳನ್ನು ಮರು ಚಿಂತನೆಗೆ ಹಚ್ಚುತ್ತದೆ. ಸೃಜನಶೀಲತೆ ಎಂಬ ಖಾಸಗಿ ಮೂಸೆಯಲ್ಲಿ ಸ್ಪುರಿಸುವ ವಿಸ್ಮಯ ಇಲ್ಲಿ ಹೊಸದೊಂದು ಮಗ್ಗುಲನ್ನು ಅನಾವರಣಗೊಳಿಸಿದೆ. ಬರವಣಿಗೆ ಎಂಬ ಸೃಜನಶೀಲ ಬದುಕಿನಲ್ಲಿ ಬಾಲ್ಯ ಎಷ್ಟು ಮುಖ್ಯ ಎಂಬುದನ್ನು ತೋರಾಕುತ್ತಲೇ ಅದು ಸ್ಮೃತಿಯ ಒಂದು ಅಂಶವಾಗಿ ಬರವಣಿಗೆಯಲ್ಲಿ ವಿಸ್ಕೃತಗೊಂಡರೂ ವರ್ತಮಾನದ ಸತ್ಯಗಳಿಗೆ ಮುಖಾಮುಖಿಯಾಗಬೇಕಾದ ತುರ್ತನ್ನು ಮನಗಾಣಿಸುತ್ತದೆ. ಅಂಥ ಚಣಗಳಲ್ಲಿ ಲೇಖಕರು ರೂಪುಗೊಳ್ಳುವ ಬಗೆ, ಅವರು ಅನುಭವಿಸುವ ತಲ್ಲಣಗಳು, ಹೊರಬೇಕಾಗುವ ಸಾಮಾಜಿಕ ಜವಾಬ್ದಾರಿಗಳನ್ನು ನೆನಪಿಸುತ್ತದೆ. ಈ ನಿಟ್ಟಿನಲ್ಲಿ ಅವರು ಕಾಪಾಡಿಕೊಂಡ ಮನುಕುಲದ ಬಗೆಗಿನ ಕಾಳಜಿಗಳು, ಅನುಭವದ ಒಳನೋಟಗಳು ಓದುಗರೊಳಗೆ ಹೊಸ ಬಗೆಯ ಸಂವೇದನೆಯನ್ನು ಹುಟ್ಟಾಕಬಲ್ಲ ಅಚ್ಚರಿಗೆ ಇದು ಸಾಕ್ಷಿಯಾಗುತ್ತದೆ. ಇದರ ಜೊತೆಗೆ ಲೇಖಕರಾದವರೊಳಗೆ ಸಾಮಾಜಿಕ ಬದ್ಧತೆ ಹಾಗೂ ಸೃಜನಶೀಲ ಬದುಕಿನಲ್ಲಿ ಕಲಾತ್ಮಕತೆಯನ್ನು ನಿಭಾಯಿಸುವಿಕೆಯ ಕುರಿತ ಪರಿಣಾಮಕಾರಿ ಮಾತುಗಳಿವೆ. ಅದೇ ರೀತಿ ಲೇಖಕರು ನಂಬಿದ ಸಿದ್ಧಾಂತಗಳು, ಅವುಗಳನ್ನು ಕಡೆತನಕ ಜತನ ಮಾಡಿಕೊಳ್ಳಲು ಬೇಕಾದ ಮನೋಸ್ಥಿತಿ, ನಿಜ ಲೇಖಕರು ಸಾಮಾಜಿಕ ಚಲನೆಯಲ್ಲಿ ಸಮಾಜಮುಖಿಯಾಗದೆ ಉಳಿಯಲು ಸಾಧ್ಯವೇ ಇಲ್ಲ, ಹಾಗೆ ಉಳಿಯುವವರು ಜೀವ ವಿರೋಧಿ ಮನೋಸ್ಥಿತಿಯವರಾಗಿರುತ್ತಾರೆ ಮುಂತಾದವುಗಳು ಇಲ್ಲಿ ಕಿವಿಮಾತುಗಳಂತೆ ಕೇಳಿಸುತ್ತವೆ. - ಎಸ್.ಗಂಗಾಧರಯ್ಯ | ||
| 650 |
_aEl Olar D La Guayaba _9195502 |
||
| 700 |
_aGANGADHARAIAH (S) _bಗಂಗಾಧರಯ್ಯ(ಎಸ್) _9195383 |
||
| 942 |
_2ddc _cBK |
||
| 999 |
_c233702 _d233702 |
||